00394nam a2200157Ia 4500003000400000008004100004040001600045082001300061100001300074245003500087260004200122300001000164490002500174650001500199650002200214GCL140319s9999 xx 000 0 eng d aGCL / cGCL04a843bM E1 aMARIVOUX10aL'ECOLE DES MERES / cMARIVOUX a[S.N] : bLE LIVRE DE POCHE ، c1992 a249 P aLE LIVRE DE POCHEv004aLITERATURE04aFRENCH LITERATURE